Logo BPK

Biblioteka

Politechniki Koszalińskiej

Mechanika. (Rekord nr 37804)

Szczegóły MARC
000 -ETYKIETA REKORDU
podpole kontrolne o stałej długości 02023nam a2200529 i 4500
001 - NUMER KONTROLNY REKORDU
pole kontrolne 37804
003 - IDENTYFIKATOR NUMERU KONTROLNEGO REKORDU
podpole kontrolne KOSZ 005
005 - DATA OSTATNIEJ MODYFIKACJI REKORDU
podpole kontrolne 20200722085617.0
008 - POLE O STAŁEJ DŁUGOŚCI - DANE KONTROLNE
podpole kontrolne o stałej długości 200721s1998 pl a f 000 0 pol
015 ## - NUMER BIBLIOGRAFII NARODOWEJ
Numer bibliografii narodowej UWD 1999/5640
020 ## - MIĘDZYNARODOWY ZNORMALIZOWANY NUMER KSIĄŻKI - ISBN
ISBN 8371930542
020 ## - MIĘDZYNARODOWY ZNORMALIZOWANY NUMER KSIĄŻKI - ISBN
ISBN 8371930550
035 ## - NUMER SYSTEMOWY
Numer systemowy przejętego rekordu 991009929599705066
035 ## - NUMER SYSTEMOWY
Numer systemowy przejętego rekordu (PL-WaBN)b12710763-48omnis_nlop
035 ## - NUMER SYSTEMOWY
Numer systemowy przejętego rekordu b12710763
035 ## - NUMER SYSTEMOWY
Numer systemowy przejętego rekordu (OCoLC)830198883
035 ## - NUMER SYSTEMOWY
Numer systemowy przejętego rekordu (PL)b0000001271076
035 ## - NUMER SYSTEMOWY
Numer systemowy przejętego rekordu (EXLNZ-48OMNIS_NETWORK)9910441817005606
040 ## - ŹRÓDŁO KATALOGOWANIA
Instytucja, która sporządziła opis WA N
Instytucja, która utworzyła rekord WA N
Instytucja, która dokonała modyfikacji KOSZ 005/RW
046 ## - DATY KODOWANE
Pojedyncza data lub początek okresu powstania dzieła lub zbioru dzieł 1998
080 ## - UNIWERSALNA KLASYFIKACJA DZIESIĘTNA - UKD
UKD 531/534
080 ## - UNIWERSALNA KLASYFIKACJA DZIESIĘTNA - UKD
UKD (075.8)
100 1# - NAZWA OSOBOWA
Nazwa osobowa Skalmierski, Bogdan
Daty związane z nazwą (1930-2012)
Określenie rodzaju współpracy Autor
245 10 - TYTUŁ/ODPOWIEDZIALNOŚĆ
Tytuł Mechanika.
Oznaczenie części/sekcji dzieła [T.] 1,
Tytuł części/sekcji dzieła Podstawy mechaniki klasycznej /
Pozostałe elementy strefy tytułu i oznaczenia odpowiedzialności Bogdan Skalmierski ; [recenzenci : prof. dr hab. inż. Bohdan Mochnacki, prof. dr hab. inż. Andrzej Tylikowski] ; Politechnika Częstochowska.
260 ## - STREFA ADRESU WYDAWNICZEGO
Miejsce wydania Częstochowa :
Nazwa wydawcy/dystrybutora Wydawnictwo Politechniki Częstochowskiej,
Data publikacji, dystrybucji/powstania dokumentu 1998.
300 ## - STREFA OPISU FIZYCZNEGO
Objętość [2], 354 strony :
Inne cechy fizyczne rysunki, wykresy ;
Rozmiary 24 cm.
336 ## - TYP ZAWARTOŚCI
Termin opisujący typ zawartości Tekst
Kod określający zawartość txt
Źródło (terminu i kodu) rdacontent
337 ## - TYP MEDIÓW
Tryb odtwarzania Bez urządzenia pośredniczącego
Kod typu mediów n
Źródło (terminu i kodu) rdamedia
338 ## - TYP/RODZAJ NOŚNIKA
Hasło opisujące typ nośnika Wolumin
Kod typu nośnika nc
Źródło (terminu i kodu) rdacarrier
380 ## - FORMA I TYP PUBLIKACJI
Forma i typ publikacji Książki
380 ## - FORMA I TYP PUBLIKACJI
Forma i typ publikacji Publikacje dydaktyczne
385 ## - ODBIORCA
Kategoria grupowa odbiorcy Poziom nauczania
Odbiorca Szkolnictwo wyższe
388 1# - CZAS POWSTANIA
Czas powstania 1901-2000
388 1# - CZAS POWSTANIA
Czas powstania 1989-2000
504 ## - UWAGA DOTYCZĄCA BIBLIOGRAFII
Informacje o bibliografii Bibliografia na stronach [349]-354.
536 ## - UWAGA DOTYCZĄCA ŹRÓDEŁ FINANSOWANIA DZIEŁA
Tekst uwagi Wydanie publikacji dofinansowane przez Ministerstwo Edukacji Narodowej.
650 #7 - HASŁO PRZEDMIOTOWE W FORMIE NAZWY OGÓLNEJ LUB JEDNOSTKOWEJ
Nazwa ogólna lub geograficzna Mechanika
Źródło hasła lub terminu DBN
655 #7 - TERMIN INDEKSOWY - OKREŚLENIE RODZAJU/FORMY DOKUMENTU
Określenie rodzaju/formy dokumentu Podręczniki akademickie
658 ## - TERMIN INDEKSOWY - PRZEDMIOT PROGRAMU NAUCZANIA
Główny przedmiot programu nauczania Inżynieria i technika
700 1# - HASŁO DODATKOWE - NAZWA OSOBOWA
Nazwa osobowa Mochnacki, Bohdan
Daty związane z nazwą (1942- )
Określenie związku między hasłem a opisywanym materiałem Recenzja
700 1# - HASŁO DODATKOWE - NAZWA OSOBOWA
Nazwa osobowa Tylikowski, Andrzej
Określenie związku między hasłem a opisywanym materiałem Recenzja
710 2# - HASŁO DODATKOWE - NAZWA CIAŁA ZBIOROWEGO
Nazwa ciała zbiorowego lub jednostki geograficznej Politechnika Częstochowska
710 2# - HASŁO DODATKOWE - NAZWA CIAŁA ZBIOROWEGO
Nazwa ciała zbiorowego lub jednostki geograficznej Wydawnictwo Politechniki Częstochowskiej
Kod określenia powiązania pbl
856 ## - LOKALIZACJA I DOSTĘP DO ELEKTRONICZNYCH DOKUMENTÓW ZDALNYCH
Link (URL) http://koha.tu.koszalin.pl/cgi-bin/koha/opac-detail.pl?biblionumber=37804
Tekst linku Katalog online BPK
942 ## - DODATKOWE ELEMENTY (KOHA)
Schemat klasyfikacji Uniwersalna Klasyfikacja Dziesiętna
Typ dokumentu Książka
Egzemplarze
Wycofany Status egzemplarza Uszkodzony Dostępność Lokalizacja stała Lokalizacja bieżąca Miejsce przechowywania Sygnatura Kod kreskowy Dział Typ dokumentu
      Tylko na miejscu Biblioteka Politechniki Koszalińskiej Biblioteka Politechniki Koszalińskiej Czytelnia BG 54209 01509403 531/534 Mechanika Książka
      Dostępny Biblioteka Politechniki Koszalińskiej Biblioteka Politechniki Koszalińskiej Wypożyczalnia BG 118548 09099722   Książka
© 2023 Biblioteka Politechniki Koszalińskiej :: KOHA